000 02168nam a22003494a 4500
001 ebr10296062
003 CaPaEBR
006 m u
007 cr cn|||||||||
008 070402s2007 njuab sb 001 0 eng
010 _z 2007013702
016 7 _z101303493
_2DNLM
020 _z9780470068076 (cloth)
020 _z0470068078 (cloth)
040 _aCaPaEBR
_cCaPaEBR
035 _a(OCoLC)647762940
050 1 4 _aRC388.5
_b.A283 2007eb
082 0 4 _a616.8/1
_222
245 0 0 _aAcute ischemic stroke
_h[electronic resource] :
_ban evidence-based approach /
_cedited by David M. Greer.
260 _aHoboken, N.J. :
_bWiley-Liss,
_cc2007.
300 _ax, 235 p. :
_bill., map.
504 _aIncludes bibliographical references and index.
505 0 _aStroke: historical perspectives and future directions / Magdy Selim -- Neuroimaging of the acute stroke patient / William A. Copen and Michael H. Lev -- Intravenous thrombolysis / Sherry H.-Y. Chou and Eric E. Smith -- Endovascular approaches to acute stroke / Raul G. Nogueira ... [et al.] -- Nonthrombolytic acute stroke therapies / Aneesh B. Singhal, Larami MacKenzie, and Joshua M. Levine -- Surgical management of acute stroke patients / Alim P. Mitha, Carlos E. Sanchez, and Christopher S. Ogilvy -- Antithrombotic therapy for acute stroke / Orla Sheehan and Peter Kelly -- Intensive care management of acute ischemic stroke / Kevin N. Sheth and David M. Greer -- Evaluation of acute stroke etiologies / Karen L. Furie ... [et al.] -- TeleStroke : application of telemedicine in acute ischemic stroke / Eric S. Rosenthal and Lee H. Schwamm.
533 _aElectronic reproduction.
_bPalo Alto, Calif. :
_cebrary,
_d2013.
_nAvailable via World Wide Web.
_nAccess may be limited to ebrary affiliated libraries.
650 0 _aCerebrovascular disease
_xTreatment.
650 0 _aCerebral ischemia
_xTreatment.
650 0 _aEvidence-based medicine.
655 7 _aElectronic books.
_2local
700 1 _aGreer, David M.,
_d1966-
710 2 _aebrary, Inc.
856 4 0 _uhttp://site.ebrary.com/lib/rucke/Doc?id=10296062
_zAn electronic book accessible through the World Wide Web; click to view
999 _c180264
_d180264